[Event "St. Petersburg Rapid Cup"]
[Site "St Petersburg RUS"]
[Date "2012.10.05"]
[EventDate "2012.10.05"]
[Round "2.2"]
[Result "1-0"]
[White "Maxim Matlakov"]
[Black "Leinier Dominguez Perez"]
[WhiteElo "2665"]
[BlackElo "2734"]
[PlyCount "47"]

1. d4 Nf6 2. c4 e6 3. Nf3 Bb4+ 4. Bd2 Bxd2+ 5. Qxd2 d5 6. e3
O-O 7. Nc3 Qe7 8. Rd1 Rd8 9. Qc2 dxc4 10. Bxc4 c5 11. O-O cxd4
12. exd4 Nc6 13. Rfe1 Qc7 14. Qe2 Ne7 15. d5 Ng6 16. dxe6 Bxe6
17. Bxe6 Rxd1 18. Rxd1 fxe6 19. Qxe6+ Kh8 20. Ng5 h6 21. Nge4
Re8 22. Qd6 Qxd6 23. Nxd6 Rf8 24. Nxb7 1-0

[Event "St. Petersburg Rapid Cup"]
[Site "St Petersburg RUS"]
[Date "2012.10.05"]
[EventDate "2012.10.05"]
[Round "4.3"]
[Result "0-1"]
[White "Sergei Mushegovic Movsesian"]
[Black "Leinier Dominguez Perez"]
[WhiteElo "2699"]
[BlackElo "2734"]
[PlyCount "74"]

1. c4 c5 2. Nc3 Nc6 3. Nf3 g6 4. e3 Nf6 5. d4 cxd4 6. exd4 d5
7. cxd5 Nxd5 8. Bc4 Nb6 9. Bb3 Bg7 10. Be3 Na5 11. O-O O-O
12. Re1 Nxb3 13. axb3 Nd5 14. Bg5 Re8 15. Qd2 f6 16. Bh6 Bg4
17. Bxg7 Kxg7 18. Nh4 Qd7 19. Ra5 Be6 20. Rxe6 Nxc3 21. Re3
Nb5 22. Rh3 Nxd4 23. Nf5+ gxf5 24. Qh6+ Kf7 25. Qxh7+ Ke6
26. Re3+ Kd6 27. Qf7 e6 28. Qxf6 Kc7 29. h3 Nc6 30. Ra1 Rad8
31. b4 a6 32. Rc3 Qd6 33. Qh4 Rg8 34. b5 axb5 35. Qh7+ Qd7
36. Qh4 Qd5 37. g3 Kb6 0-1

[Event "St. Petersburg Rapid Cup"]
[Site "St Petersburg RUS"]
[Date "2012.10.06"]
[EventDate "2012.10.05"]
[Round "5.4"]
[Result "1/2-1/2"]
[White "Leinier Dominguez Perez"]
[Black "Peter Svidler"]
[WhiteElo "2734"]
[BlackElo "2747"]
[PlyCount "107"]

1. e4 c5 2. Nf3 e6 3. d4 cxd4 4. Nxd4 a6 5. c4 Nf6 6. Nc3 Qc7
7. a3 Nc6 8. Be3 Ne5 9. f3 Be7 10. Rc1 O-O 11. Be2 Ng6 12. Qd2
b6 13. b4 Bb7 14. Na4 Rfb8 15. c5 bxc5 16. Nxc5 Qd8 17. O-O
Bf8 18. Rfd1 d5 19. Nxb7 Rxb7 20. Nc6 Qe8 21. e5 Rc7 22. b5
Nd7 23. Ne7+ Nxe7 24. Rxc7 axb5 25. Bxb5 Qb8 26. Rxd7 Qxb5
27. Rc7 Ng6 28. Bd4 h6 29. h3 Rxa3 30. Rc8 Kh7 31. Qc2 Be7
32. Rc7 Kg8 33. Rb1 Qd3 34. Qxd3 Rxd3 35. Bf2 Bg5 36. Bg3 h5
37. Rb8+ Kh7 38. h4 Nxh4 39. Bxh4 Bxh4 40. Kh2 Bf2 41. Rxf7
Bd4 42. f4 Bf2 43. Rb1 Bg3+ 44. Kg1 Kg6 45. Re7 Kf5 46. Rf7+
Ke4 47. f5 Kxe5 48. fxe6 Kxe6 49. Rxg7 h4 50. Rg5 Kd6 51. Kf1
Rd2 52. Rc1 Rf2+ 53. Kg1 Rd2 54. Kf1 1/2-1/2

[Event "St. Petersburg Rapid Cup"]
[Site "St Petersburg RUS"]
[Date "2012.10.06"]
[EventDate "2012.10.05"]
[Round "7.3"]
[Result "1/2-1/2"]
[White "Leinier Dominguez Perez"]
[Black "Nikita Vitiugov"]
[WhiteElo "2734"]
[BlackElo "2691"]
[PlyCount "106"]

1. e4 Nf6 2. e5 Nd5 3. d4 d6 4. c4 Nb6 5. f4 dxe5 6. fxe5 Nc6
7. Be3 Bf5 8. Nc3 e6 9. Nf3 Be7 10. Be2 O-O 11. O-O f6
12. exf6 Bxf6 13. Qd2 Qe8 14. Rad1 Rd8 15. Qe1 Rd7 16. Qg3 Qg6
17. Qxg6 Bxg6 18. Rd2 Rfd8 19. Rfd1 h6 20. h3 Na5 21. b3 Nc6
22. Kf2 Rf8 23. Kg1 Rfd8 24. g4 a6 25. Kg2 Nb4 26. Ne5 Bxe5
27. dxe5 Rxd2 28. Rxd2 Rxd2 29. Bxd2 Nd7 30. Nb5 axb5 31. Bxb4
bxc4 32. Bxc4 Kf7 33. Bc3 Bb1 34. b4 Nb6 35. Bb3 Be4+ 36. Kg3
Bd5 37. Bxd5 Nxd5 38. Bd2 b5 39. h4 Ne7 40. h5 Nd5 41. Kf3 Nb6
42. Ke4 g5 43. Kd4 Na4 44. Be3 Kg7 45. Kd3 Kf7 46. Kc2 Ke8
47. Kb3 Kf7 48. Bc5 Ke8 49. Bd4 Kf7 50. Be3 Ke8 51. Ba7 Ke7
52. Kc2 Ke8 53. Be3 Kf7 1/2-1/2

[Event "St. Petersburg Rapid Cup"]
[Site "St Petersburg RUS"]
[Date "2012.10.07"]
[EventDate "2012.10.05"]
[Round "9.2"]
[Result "1-0"]
[White "Leinier Dominguez Perez"]
[Black "Evgeny Alekseev"]
[WhiteElo "2734"]
[BlackElo "2683"]
[PlyCount "179"]

1. e4 e5 2. Nf3 Nc6 3. Bb5 Nf6 4. O-O Nxe4 5. d4 Nd6 6. Bxc6
dxc6 7. dxe5 Nf5 8. Qxd8+ Kxd8 9. h3 Ke8 10. Nc3 h5 11. Bf4
Be7 12. Rad1 Be6 13. Ng5 Rh6 14. Nxe6 Rxe6 15. Rfe1 Rd8
16. Rxd8+ Kxd8 17. Ne4 c5 18. Ng5 Bxg5 19. Bxg5+ Kd7 20. c3
Kc6 21. Kh2 Nd6 22. f4 f6 23. Bh4 fxe5 24. fxe5 Nc4 25. b3 Nb6
26. Kg3 c4 27. Re4 cxb3 28. axb3 g6 29. Kf4 Nd5+ 30. Kg5 b5
31. c4 bxc4 32. Rxc4+ Kd7 33. Kh6 Ne3 34. Rd4+ Kc6 35. g4 hxg4
36. hxg4 Rxe5 37. Kxg6 Rb5 38. b4 a5 39. bxa5 Rxa5 40. Bf2 Nd5
41. Bh4 Ne3 42. Bf6 Nxg4 43. Rxg4 Rd5 44. Rc4+ Rc5 45. Re4 Rd5
46. Be5 Kb6 47. Kf5 c5 48. Re1 c4 49. Ke4 Rd3 50. Rb1+ Kc5
51. Rb8 Rd1 52. Rc8+ Kb4 53. Bd4 Kb3 54. Kd5 Rc1 55. Rb8+ Kc2
56. Kxc4 Kd2+ 57. Kd5 Rc7 58. Ke4 Re7+ 59. Be5 Ke2 60. Rb2+
Ke1 61. Kd4 Re8 62. Bf4 Re2 63. Rb3 Re8 64. Be3 Ke2 65. Rb2+
Kf3 66. Rf2+ Kg3 67. Rf7 Kg4 68. Bf4 Kf3 69. Be5+ Ke2 70. Ke4
Re6 71. Rf8 Re7 72. Rh8 Re6 73. Rh2+ Ke1 74. Kf4 Re8 75. Bc3+
Kd1 76. Kf3 Re6 77. Bd4 Kc1 78. Be3+ Kb1 79. Rd2 Rc6 80. Ke4
Rc2 81. Rd1+ Kb2 82. Bd4+ Kb3 83. Kd3 Rg2 84. Rb1+ Ka2 85. Rb8
Rg3+ 86. Kc4 Rh3 87. Rb2+ Ka3 88. Rb1 Rh2 89. Rb8 Ka2 90. Ra8+
1-0

[Event "St. Petersburg Rapid Cup"]
[Site "St Petersburg RUS"]
[Date "2012.10.07"]
[EventDate "2012.10.05"]
[Round "10.6"]
[Result "0-1"]
[White "Aleksandr Shimanov"]
[Black "Leinier Dominguez Perez"]
[WhiteElo "2599"]
[BlackElo "2734"]
[PlyCount "132"]

1. d4 d5 2. c4 c6 3. cxd5 cxd5 4. Nc3 Nf6 5. Bf4 Nc6 6. e3 a6
7. Rc1 Bf5 8. Nf3 e6 9. Qb3 Bb4 10. Ne5 Bxc3+ 11. bxc3 Nxe5
12. Bxe5 O-O 13. a4 Qa5 14. Be2 Rfc8 15. f3 Nd7 16. Bd6 Qb6
17. Qa3 Rc6 18. a5 Qd8 19. c4 dxc4 20. e4 Bg6 21. Rxc4 Rxc4
22. Bxc4 Rc8 23. Bb3 Qg5 24. O-O Qe3+ 25. Kh1 Qxd4 26. Rd1 Qe3
27. Bxe6 Rc3 28. Qa1 fxe6 29. Bf4 Qxf4 30. Qxc3 Nf8 31. Qc8
Qe5 32. g3 Bxe4 33. fxe4 Qxe4+ 34. Kg1 Qe3+ 35. Kf1 Qf3+
36. Ke1 Qh1+ 37. Kd2 Qxh2+ 38. Kc1 Qxg3 39. Rd8 Qf4+ 40. Kd1
Qf7 41. Rd2 Qf1+ 42. Kc2 Qf5+ 43. Kd1 Qb1+ 44. Ke2 Qb5+
45. Kd1 Qxa5 46. Qxb7 Qa4+ 47. Ke1 Qa1+ 48. Ke2 Qe5+ 49. Kd1
Qf5 50. Qxa6 h5 51. Re2 h4 52. Ke1 Kh7 53. Qc4 Qb1+ 54. Kd2
Qb2+ 55. Ke1 Qa1+ 56. Kd2 Qf6 57. Ke1 e5 58. Qg4 Ng6 59. Qh5+
Kg8 60. Rb2 Qd6 61. Rd2 Qb6 62. Qf5 Qg1+ 63. Ke2 Nf4+ 64. Kf3
Qg3+ 65. Ke4 Qe1+ 66. Kf3 Qxd2 0-1

[Event "St. Petersburg Rapid Cup"]
[Site "St Petersburg RUS"]
[Date "2012.10.07"]
[EventDate "2012.10.05"]
[Round "11.1"]
[Result "1-0"]
[White "Leinier Dominguez Perez"]
[Black "Vadim Zvjaginsev"]
[WhiteElo "2734"]
[BlackElo "2678"]
[PlyCount "93"]

1. e4 e6 2. d4 d5 3. Nc3 Nf6 4. e5 Nfd7 5. f4 c5 6. Nf3 Nc6
7. Be3 cxd4 8. Nxd4 Bc5 9. Qd2 O-O 10. O-O-O Bxd4 11. Bxd4 Qa5
12. Kb1 Rb8 13. Be3 b5 14. Ne2 b4 15. Nd4 Nxd4 16. Bxd4 Ba6
17. g4 Rfc8 18. f5 Rc6 19. f6 Nf8 20. b3 Qc7 21. h4 Rc8
22. Rc1 gxf6 23. exf6 e5 24. Bxa6 Rxa6 25. Qg5+ Ng6 26. h5
exd4 27. hxg6 fxg6 28. Qxd5+ Qf7 29. Qxd4 Rxf6 30. Qxb4 Rf4
31. Qd6 Rf6 32. Qd3 Rf3 33. Qa6 Rf8 34. Rcd1 Rf2 35. Qc6 Rf6
36. Qb5 a6 37. Qd3 a5 38. Qb5 Rf4 39. Rd7 Rf1+ 40. Rxf1 Qxf1+
41. Qxf1 Rxf1+ 42. Kb2 Rf4 43. c4 Rxg4 44. c5 Rg2+ 45. Kc3 Kf8
46. c6 Ke8 47. Rd1 1-0

[Event "European Club Cup"]
[Site "Eilat ISR"]
[Date "2012.10.17"]
[EventDate "2012.10.11"]
[Round "7"]
[Result "1/2-1/2"]
[White "Leinier Dominguez Perez"]
[Black "Andrei Volokitin"]
[WhiteElo "2734"]
[BlackElo "2724"]
[PlyCount "130"]

1. e4 e5 2. Nf3 Nc6 3. Bb5 Nf6 4. O-O Nxe4 5. d4 Nd6 6. Bxc6
dxc6 7. dxe5 Nf5 8. Qxd8+ Kxd8 9. Rd1+ Ke8 10. Nc3 Ne7 11. Nd4
Ng6 12. Ne4 h5 13. Bg5 Be7 14. Re1 h4 15. Nd6+ cxd6 16. exd6
f6 17. Bd2 Kf7 18. dxe7 Nxe7 19. h3 Nf5 20. Nxf5 Bxf5 21. c3
Rhe8 22. f3 a5 23. Rxe8 Rxe8 24. Re1 Rd8 25. Be3 a4 26. a3 g5
27. Kf2 Rd5 28. Re2 Rd1 29. Re1 Rd5 30. Re2 Bd3 31. Rd2 Kg6
32. c4 Bxc4 33. Rxd5 cxd5 34. g3 Kf5 35. gxh4 gxh4 36. Bd4 Bb5
37. Bc3 Bd7 38. Bd4 Kg5 39. Be3+ Kf5 40. Bd4 Be8 41. Kg2 Bb5
42. Kf2 Bd7 43. Kg2 Be6 44. Kf2 Kg5 45. Be3+ Kg6 46. Kg2 Bf7
47. Kf2 Be8 48. Bd4 Bb5 49. Kg2 Kg5 50. Be3+ Kf5 51. Bd4 Be2
52. Kf2 Bd1 53. Bc3 Kg5 54. Bd2+ Kg6 55. Bc3 Bc2 56. Bd4 Kf7
57. Ke2 Bb1 58. Kf2 Kg6 59. Bc3 Bd3 60. Bd4 Bb5 61. Bc3 Bd7
62. Kg2 Bc6 63. Kf2 Kg5 64. Bd2+ Kf5 65. Bc3 Bd7 1/2-1/2

[Event "Capablanca Memorial (Elite)"]
[Site "Havana CUB"]
[Date "2013.04.24"]
[EventDate "2013.04.21"]
[Round "4.3"]
[Result "1/2-1/2"]
[White "Pentala Harikrishna"]
[Black "Leinier Dominguez Perez"]
[WhiteElo "2705"]
[BlackElo "2723"]
[PlyCount "84"]

1. Nf3 c5 2. e3 g6 3. Be2 Bg7 4. O-O Nf6 5. b3 O-O 6. Bb2 d5
7. c4 Nc6 8. Ne5 Nxe5 9. Bxe5 Be6 10. Nc3 Qd7 11. d3 Rad8
12. Qc1 dxc4 13. dxc4 Bf5 14. Qb2 Qd2 15. Qa3 Ne4 16. Bxg7
Kxg7 17. Nxe4 Bxe4 18. Qxc5 Bxg2 19. Rfe1 Bc6 20. Qxe7 Rfe8
21. Qg5 Qb2 22. Qg3 Rd2 23. Bf3 Bxf3 24. Qxf3 Re6 25. Rad1
Qxa2 26. Rxd2 Qxd2 27. Qd1 Qxd1 28. Rxd1 Rb6 29. Rd3 Kf6
30. Kf1 Ke6 31. Ke2 Rd6 32. Rd4 Rb6 33. Rd3 Ra6 34. Kf3 Rd6
35. Rd4 Rb6 36. Rd3 Rd6 37. Rd4 Ra6 38. Re4+ Kf6 39. Rf4+ Ke7
40. Re4+ Re6 41. Rd4 Rb6 42. Rd3 Ke6 1/2-1/2

[Event "European Club Cup"]
[Site "Rhodes GRE"]
[Date "2013.10.20"]
[EventDate "2013.10.20"]
[Round "1.1"]
[Result "1-0"]
[White "Leinier Dominguez Perez"]
[Black "John J Cox"]
[WhiteElo "2753"]
[BlackElo "2387"]
[PlyCount "51"]

1. e4 e5 2. Nf3 Nc6 3. Bb5 Nf6 4. d3 Bc5 5. c3 O-O 6. O-O d6
7. Nbd2 a6 8. Bxc6 bxc6 9. Re1 Re8 10. h3 Bb6 11. Nf1 h6
12. Ng3 d5 13. Qc2 dxe4 14. dxe4 Nd7 15. Be3 Nc5 16. c4 a5
17. b3 Qd3 18. Qb2 Qd6 19. Rad1 Qe7 20. Qa3 f6 21. Rc1 Nd3
22. c5 Ba6 23. Nf5 Qf8 24. Red1 Nxc1 25. Qxc1 Ba7 26. Rd7 1-0

[Event "European Club Cup"]
[Site "Rhodes GRE"]
[Date "2013.10.21"]
[EventDate "2013.10.20"]
[Round "2.1"]
[Result "0-1"]
[White "Gilles Miralles"]
[Black "Leinier Dominguez Perez"]
[WhiteElo "2472"]
[BlackElo "2753"]
[PlyCount "108"]

1. d4 Nf6 2. c4 g6 3. Nc3 d5 4. Bf4 Bg7 5. e3 O-O 6. Rc1 c5
7. dxc5 Be6 8. Nf3 Nc6 9. Be2 Ne4 10. O-O Bxc3 11. bxc3 dxc4
12. Nd4 Qd7 13. Nxe6 Qxe6 14. Qa4 Ne5 15. Qb5 Nd3 16. Bxd3
cxd3 17. Qxd3 Nxc5 18. Qd4 Rfc8 19. c4 f6 20. Rfd1 Rc6 21. h3
Rac8 22. Qd5 Kf7 23. Rd4 Na4 24. Qb5 Nc5 25. Rcd1 b6 26. Rd8
Ne4 27. Rxc8 Rxc8 28. Qd7 g5 29. Bg3 a5 30. Qb7 Qc6 31. Rd7
Qxb7 32. Rxb7 Rxc4 33. Bc7 Rc1+ 34. Kh2 Rd1 35. f3 Nd2
36. Rxb6 Nf1+ 37. Kg1 Nxe3+ 38. Kh2 Nf1+ 39. Kg1 Ne3+ 40. Kh2
Rd2 41. Rb3 Nxg2 42. Ra3 a4 43. Kg1 Nh4 44. Rxa4 Nxf3+ 45. Kf1
h5 46. Ra7 Kg6 47. a4 e5 48. Ba5 Ra2 49. Bd8 g4 50. hxg4 hxg4
51. Ra6 Nd2+ 52. Ke2 Ne4+ 53. Ke3 Kf5 54. Ra7 Ra3+ 0-1

[Event "European Club Cup"]
[Site "Rhodes GRE"]
[Date "2013.10.22"]
[EventDate "2013.10.20"]
[Round "3.2"]
[Result "1/2-1/2"]
[White "Hristos Banikas"]
[Black "Leinier Dominguez Perez"]
[WhiteElo "2630"]
[BlackElo "2753"]
[PlyCount "82"]

1. c4 g6 2. Nc3 c5 3. g3 Bg7 4. Bg2 Nc6 5. Nf3 d6 6. O-O e6
7. d3 Nge7 8. Bd2 b6 9. a3 Bb7 10. Rb1 Qd7 11. b4 O-O 12. e3
Rfd8 13. Qe2 Ne5 14. Nxe5 Bxe5 15. Rfd1 Bxg2 16. Kxg2 Bg7
17. Be1 d5 18. bxc5 dxc4 19. dxc4 Qc6+ 20. Qf3 Qxc5 21. Nb5
Qxc4 22. Nxa7 Rd5 23. Rdc1 Qd3 24. Nb5 Rad8 25. e4 Qxf3+
26. Kxf3 R5d7 27. Bb4 Bf8 28. Rb3 f5 29. exf5 gxf5 30. Rc7 Nd5
31. Rxd7 Rxd7 32. Bxf8 Kxf8 33. Nc3 Nxc3 34. Rxc3 Kf7 35. a4
Rd4 36. Rb3 Rxa4 37. Rxb6 Kf6 38. Ke3 h5 39. h4 Ra3+ 40. Kf4
Rc3 41. Ra6 Rb3 1/2-1/2

[Event "European Club Cup"]
[Site "Rhodes GRE"]
[Date "2013.10.23"]
[EventDate "2013.10.20"]
[Round "4.2"]
[Result "1/2-1/2"]
[White "Leinier Dominguez Perez"]
[Black "Peter Leko"]
[WhiteElo "2753"]
[BlackElo "2732"]
[PlyCount "54"]

1. e4 e5 2. Nf3 Nf6 3. Nxe5 d6 4. Nf3 Nxe4 5. d4 d5 6. Bd3 Nc6
7. O-O Be7 8. c4 Nb4 9. Be2 O-O 10. Nc3 Bf5 11. a3 Nxc3
12. bxc3 Nc6 13. Re1 Re8 14. cxd5 Qxd5 15. Bf4 Rac8 16. Bf1
Bd6 17. Rxe8+ Rxe8 18. c4 Qe4 19. Bxd6 cxd6 20. Qd2 Qc2
21. Qf4 h6 22. h3 Qb2 23. Rd1 Qc2 24. Rc1 Qb2 25. Rd1 Qc2
26. Rc1 Qb2 27. Rd1 Qc2 1/2-1/2

[Event "European Club Cup"]
[Site "Rhodes GRE"]
[Date "2013.10.25"]
[EventDate "2013.10.20"]
[Round "6.3"]
[Result "1/2-1/2"]
[White "Vasif Durarbayli"]
[Black "Leinier Dominguez Perez"]
[WhiteElo "2548"]
[BlackElo "2753"]
[PlyCount "110"]

1. e4 c5 2. Nf3 d6 3. d4 cxd4 4. Nxd4 Nf6 5. Nc3 a6 6. Be2 e5
7. Nb3 Be7 8. O-O O-O 9. Re1 Be6 10. Bf3 Qc7 11. a4 Nc6
12. Nd5 Bxd5 13. exd5 Na5 14. Nd2 Rfc8 15. c3 b5 16. Nf1 Qb7
17. Ne3 g6 18. axb5 axb5 19. b3 Rxc3 20. Bd2 Rd3 21. Qc2 Rxd2
22. Qxd2 Nxb3 23. Rxa8+ Qxa8 24. Qd3 Nd4 25. Nc2 Nxf3+
26. Qxf3 Qa4 27. Qd3 Nxd5 28. Qxd5 Qxc2 29. Qxb5 Kg7 30. Qd5
h5 31. Kf1 Qb2 32. Rd1 Qc2 33. Rd2 Qc1+ 34. Rd1 Qf4 35. Kg1 h4
36. h3 Qb4 37. Kf1 Qb2 38. Rd2 Qc1+ 39. Rd1 Qb2 40. Rd2 Qc1+
41. Rd1 Qf4 42. Rd3 e4 43. Re3 f5 44. Rc3 Bf6 45. Rc7+ Kh6
46. Ke2 Kg5 47. Rd7 Be5 48. Qe6 Qc1 49. Qe7+ Kh5 50. Qh7+ Kg5
51. Qe7+ Bf6 52. Qxd6 Qc4+ 53. Ke3 Qc3+ 54. Ke2 Qc4+ 55. Ke3
Qc3+ 1/2-1/2

[Event "European Club Cup"]
[Site "Rhodes GRE"]
[Date "2013.10.26"]
[EventDate "2013.10.20"]
[Round "7.2"]
[Result "1/2-1/2"]
[White "Leinier Dominguez Perez"]
[Black "Veselin Topalov"]
[WhiteElo "2753"]
[BlackElo "2771"]
[PlyCount "81"]

1. e4 e5 2. Nf3 Nc6 3. Bb5 a6 4. Ba4 Nf6 5. O-O Be7 6. d3 d6
7. c3 O-O 8. Nbd2 Nd7 9. Bc2 Nb6 10. Re1 f5 11. exf5 Bxf5
12. d4 exd4 13. Nxd4 Nxd4 14. cxd4 Bxc2 15. Qxc2 Bf6 16. Qb3+
Kh8 17. Nf3 a5 18. a4 Qd7 19. Bd2 Qf7 20. Qxf7 Rxf7 21. Bxa5
Nd5 22. Bd2 h6 23. Ra3 Kg8 24. h3 Rff8 25. b4 Kf7 26. b5 Rfe8
27. Rxe8 Kxe8 28. Kf1 Kd7 29. Ke2 c6 30. bxc6+ bxc6 31. a5 c5
32. Kd3 Kc6 33. Rb3 Nb4+ 34. Bxb4 cxb4 35. Rxb4 Rxa5 36. Rb3
Kd5 37. g4 g5 38. Ke3 Bg7 39. Kd3 Bf6 40. Ke3 Bg7 41. Kd3
1/2-1/2

[Event "SportAccord World Mind Games (Men, Rapid)"]
[Site "Beijing CHN"]
[Date "2013.12.12"]
[EventDate "2013.12.12"]
[Round "1.6"]
[Result "0-1"]
[White "Leinier Dominguez Perez"]
[Black "Sergey Karjakin"]
[WhiteElo "2754"]
[BlackElo "2756"]
[PlyCount "84"]

1. e4 e5 2. Nf3 Nc6 3. Bb5 a6 4. Ba4 Nf6 5. O-O Be7 6. d3 b5
7. Bb3 d6 8. a3 O-O 9. Nc3 Na5 10. Ba2 Be6 11. Bxe6 fxe6
12. b4 Nc6 13. Bd2 d5 14. Re1 Qd6 15. h3 Nd7 16. Ne2 a5
17. Rb1 axb4 18. axb4 Rfb8 19. Ng3 d4 20. c3 dxc3 21. Bxc3 Ra4
22. Qb3 Kh8 23. Red1 Nd4 24. Nxd4 exd4 25. Bd2 c5 26. bxc5
Nxc5 27. Bb4 Nxb3 28. Bxd6 Bxd6 29. Rxb3 b4 30. Ne2 e5
31. Rdb1 Rc8 32. Kf1 Rc2 33. f4 Raa2 34. fxe5 Bc5 35. Nc1 Rf2+
36. Ke1 Rac2 37. Ra1 h5 38. e6 Rxg2 39. Kf1 Be7 40. Ra8+ Kh7
41. Rc8 Rcf2+ 42. Ke1 Bh4 0-1

[Event "SportAccord World Mind Games (Men, Rapid)"]
[Site "Beijing CHN"]
[Date "2013.12.12"]
[EventDate "2013.12.12"]
[Round "4.7"]
[Result "0-1"]
[White "Anish Giri"]
[Black "Leinier Dominguez Perez"]
[WhiteElo "2734"]
[BlackElo "2754"]
[PlyCount "100"]

1. d4 Nf6 2. c4 e6 3. Nf3 d5 4. Nc3 Nbd7 5. Bf4 dxc4 6. e3 Nb6
7. Bxc4 Nfd5 8. O-O Nxf4 9. exf4 Bd6 10. Ne5 Bxe5 11. fxe5 Bd7
12. Bb3 Bc6 13. Qg4 g6 14. Rfd1 Qe7 15. Rac1 h5 16. Qh3 Rd8
17. Qe3 Bd5 18. Nb5 Rd7 19. Qc3 O-O 20. Qc5 Bxb3 21. axb3 Qxc5
22. dxc5 Rxd1+ 23. Rxd1 Nd5 24. g3 a6 25. Nc3 Rd8 26. f4 Kf8
27. Kf2 Ke7 28. Ne4 Rb8 29. Kf3 b6 30. c6 Rd8 31. Ng5 a5
32. h3 Ra8 33. g4 Rh8 34. f5 hxg4+ 35. hxg4 gxf5 36. gxf5 Rh5
37. f6+ Ke8 38. Kg4 Ne3+ 39. Kxh5 Nxd1 40. Ne4 Nxb2 41. Nc3
Nd3 42. Nb5 Nxe5 43. Nxc7+ Kd8 44. Na8 b5 45. c7+ Kc8 46. Kh6
Nd7 47. Kg7 a4 48. bxa4 bxa4 49. Kxf7 a3 50. Kxe6 Nxf6 0-1

[Event "SportAccord World Mind Games (Men, Rapid)"]
[Site "Beijing CHN"]
[Date "2013.12.13"]
[EventDate "2013.12.4"]
[Round "6.5"]
[Result "0-1"]
[White "Levon Aronian"]
[Black "Leinier Dominguez Perez"]
[WhiteElo "2803"]
[BlackElo "2754"]
[PlyCount "136"]

1. d4 Nf6 2. Nf3 d5 3. c4 e6 4. Nc3 Nbd7 5. Bf4 dxc4 6. e3 Nd5
7. Bxc4 Bb4 8. O-O Nxf4 9. exf4 Bxc3 10. bxc3 O-O 11. Qc2 Nf6
12. Ne5 b6 13. Rfe1 g6 14. Re3 Bb7 15. Rae1 Kg7 16. Rh3 c5
17. Qd2 Bd5 18. Ba6 Qc7 19. c4 Bb7 20. Bxb7 Qxb7 21. dxc5 bxc5
22. Rb3 Qc8 23. Reb1 Qd8 24. Qxd8 Raxd8 25. Rb7 Ne4 26. h3 Rd2
27. Rxa7 Rxf2 28. a4 Rxf4 29. a5 Nd2 30. Ra1 Nxc4 31. Ra4 Nxe5
32. Rxf4 c4 33. Rf2 Rb8 34. Ra2 Rc8 35. Rb7 c3 36. Rb1 Nd3
37. Rc2 Rc6 38. Rb3 Nf4 39. Ra3 Ra6 40. Kf2 Nd5 41. Ke2 Kf6
42. Rc1 Ke5 43. Kd3 Kd6 44. Rb1 Kc7 45. Rb5 Rc6 46. Ra2 Ra6
47. Rc5+ Kd6 48. Rb5 Kc6 49. Rb8 Kc7 50. Rb3 f5 51. Ra4 Rc6
52. Kc2 Ra6 53. Rb5 Kc6 54. Rb8 Kc5 55. Kb3 Kd6 56. Rd8+ Ke5
57. Rh8 h5 58. Rg8 Kf6 59. Rc8 Ke5 60. Rg8 Kf6 61. Rb8 Ke5
62. h4 f4 63. Rf8 Rc6 64. Kc2 Ne3+ 65. Kd3 c2 66. Re4+ Kd6
67. Rd8+ Kc7 68. Red4 Nd5 0-1

[Event "SportAccord World Mind Games (Men, Basque)"]
[Site "Beijing CHN"]
[Date "2013.12.17"]
[EventDate "2013.12.17"]
[Round "1.1"]
[Result "0-1"]
[White "Alexander Grischuk"]
[Black "Leinier Dominguez Perez"]
[WhiteElo "2783"]
[BlackElo "2754"]
[PlyCount "84"]

1. Nf3 Nf6 2. g3 d5 3. Bg2 e6 4. O-O Be7 5. d3 O-O 6. Nbd2 c5
7. e4 Nc6 8. Re1 b5 9. e5 Nd7 10. Nf1 a5 11. h4 b4 12. h5 h6
13. N1h2 Re8 14. Ng4 Bf8 15. Bf4 a4 16. c4 bxc3 17. bxc3 Ba6
18. Bf1 a3 19. Qc1 Qe7 20. Rb1 Rec8 21. Bxh6 gxh6 22. Nxh6+
Bxh6 23. Qxh6 Qf8 24. Qf4 Rcb8 25. h6 Ne7 26. c4 Ng6 27. Qg5
Rxb1 28. Rxb1 Rb8 29. Re1 Bb7 30. Bh3 Qe7 31. Qh5 dxc4 32. Ng5
Ndxe5 33. h7+ Kh8 34. f4 Qxg5 35. fxg5 Bf3 36. Qh6 cxd3
37. Bf1 d2 38. Ra1 Rd8 39. Qh2 Ng4 40. Qh3 d1=Q 41. Rxd1 Rxd1
42. Qh5 Rxf1+ 0-1

[Event "SportAccord World Mind Games (Men, Basque)"]
[Site "Beijing CHN"]
[Date "2013.12.17"]
[EventDate "2013.12.17"]
[Round "1.2"]
[Result "1/2-1/2"]
[White "Leinier Dominguez Perez"]
[Black "Alexander Grischuk"]
[WhiteElo "2754"]
[BlackElo "2783"]
[PlyCount "96"]

1. e4 e5 2. Nf3 Nc6 3. Bb5 Nf6 4. O-O Nxe4 5. d4 Nd6 6. Bxc6
dxc6 7. dxe5 Nf5 8. Qxd8+ Kxd8 9. Rd1+ Ke8 10. Bf4 Ne7 11. h3
Ng6 12. Bh2 Be7 13. Nc3 Bd7 14. Nd4 Nf8 15. Rd2 Rd8 16. Rad1
Bc8 17. Nce2 a6 18. Nf4 c5 19. Nde2 Rxd2 20. Rxd2 h5 21. Nd5
Bd8 22. Nef4 h4 23. c4 Ne6 24. Nxe6 Bxe6 25. b3 Rh6 26. Nf4
Bf5 27. Nd5 Be6 28. Nf4 Bc8 29. Nd5 b5 30. e6 Bxe6 31. cxb5
Bxd5 32. Rxd5 axb5 33. Rxc5 c6 34. Bf4 Re6 35. Kf1 Kd7 36. Be3
Bb6 37. Rg5 Bxe3 38. fxe3 g6 39. Rg4 Rxe3 40. Rxh4 Rc3
41. Rd4+ Ke6 42. Ke2 c5 43. Rd3 Rc2+ 44. Rd2 Rc1 45. Rd1 Rc2+
46. Rd2 Rc1 47. Rd1 Rc2+ 48. Rd2 Rc1 1/2-1/2

[Event "SportAccord World Mind Games (Men, Basque)"]
[Site "Beijing CHN"]
[Date "2013.12.17"]
[EventDate "2013.12.17"]
[Round "2.2"]
[Result "1/2-1/2"]
[White "Ian Nepomniachtchi"]
[Black "Leinier Dominguez Perez"]
[WhiteElo "2721"]
[BlackElo "2754"]
[PlyCount "105"]

1. e4 e5 2. Nf3 Nf6 3. Nc3 Bb4 4. Nxe5 O-O 5. Nd3 Bxc3 6. dxc3
Nxe4 7. Be2 d6 8. O-O Nd7 9. f3 Nec5 10. Nf2 Re8 11. b3 b6
12. Bb2 Bb7 13. Qd2 Qh4 14. Rae1 Re6 15. b4 Na4 16. Ba1 Ne5
17. Qd4 Qe7 18. Nh3 Ng6 19. c4 f6 20. Qd2 Re8 21. Kf2 a5
22. a3 axb4 23. axb4 Qd7 24. Nf4 Nxf4 25. Qxf4 Qe7 26. Qd2 f5
27. g3 f4 28. Bd1 Re3 29. Rg1 c5 30. b5 Ba8 31. Ref1 g6
32. Rg2 Qe6 33. gxf4 Qxc4 34. Kg1 Nc3 35. Bxc3 Qxc3 36. Qxd6
R3e6 37. Qd2 Qf6 38. c3 Rd6 39. Qc1 Bd5 40. Re2 Rde6 41. Rfe1
Bc4 42. Rxe6 Rxe6 43. Rxe6 Qxe6 44. Bc2 Bxb5 45. Be4 Bd7
46. Qd2 Kg7 47. c4 Be8 48. Qd8 Bf7 49. Qc7 Qxc4 50. Qe5+ Kg8
51. Qb8+ Kg7 52. Qe5+ Kg8 53. Qb8+ 1/2-1/2

[Event "SportAccord World Mind Games (Men, Basque)"]
[Site "Beijing CHN"]
[Date "2013.12.17"]
[EventDate "2013.12.17"]
[Round "3.1"]
[Result "1/2-1/2"]
[White "Leinier Dominguez Perez"]
[Black "Le Quang Liem"]
[WhiteElo "2754"]
[BlackElo "2703"]
[PlyCount "97"]

1. e4 e5 2. Nf3 Nc6 3. Bb5 Nf6 4. O-O Nxe4 5. d4 Nd6 6. Bxc6
dxc6 7. dxe5 Nf5 8. Qxd8+ Kxd8 9. Rd1+ Ke8 10. Bf4 h6 11. h3
Be6 12. Nc3 Bb4 13. Ne2 c5 14. a3 Ba5 15. Bd2 Bxd2 16. Rxd2
Rd8 17. Rad1 Rxd2 18. Rxd2 Ne7 19. Nf4 Bd7 20. e6 Bxe6
21. Nxe6 fxe6 22. Re2 Nc6 23. Rxe6+ Kf7 24. Re4 Rd8 25. Kf1
Rd1+ 26. Re1 Rd5 27. Ke2 Ke6 28. Rd1 b5 29. Rd3 a5 30. Re3+
Kf7 31. c3 a4 32. Re4 Na5 33. Nd2 c4 34. h4 Nb7 35. Rf4+ Ke7
36. Ne4 Re5 37. Kd2 Nd8 38. Rg4 Ne6 39. Ke3 Rd5 40. Nd2 Kf7
41. Nf3 Nc5 42. Rd4 Ke6 43. Rg4 Kf7 44. Rf4+ Ke7 45. Rg4 Kf7
46. Rd4 Ke6 47. Rg4 Kf7 48. Rf4+ Ke7 49. Rg4 1/2-1/2

[Event "SportAccord World Mind Games (Men, Basque)"]
[Site "Beijing CHN"]
[Date "2013.12.17"]
[EventDate "2013.12.17"]
[Round "3.2"]
[Result "1-0"]
[White "Le Quang Liem"]
[Black "Leinier Dominguez Perez"]
[WhiteElo "2703"]
[BlackElo "2754"]
[PlyCount "94"]

1. d4 Nf6 2. c4 e6 3. Nf3 d5 4. Nc3 Nbd7 5. cxd5 exd5 6. Bf4
c6 7. h3 Ne4 8. e3 Bb4 9. Rc1 O-O 10. Bd3 Re8 11. O-O Nf8
12. Qc2 Bf5 13. Bh2 Qe7 14. Rfe1 Rad8 15. Nd2 Nxd2 16. Bxf5
Ne4 17. Red1 Bd6 18. Bxe4 Bxh2+ 19. Kxh2 dxe4 20. Kg1 Nd7
21. d5 Nc5 22. dxc6 bxc6 23. Nd5 cxd5 24. Qxc5 Qb7 25. Qd4 h6
26. Rc5 Rd6 27. Rdc1 Re7 28. b4 Kh7 29. a4 a6 30. b5 axb5
31. Rxb5 Qd7 32. Rcc5 Rg6 33. Kf1 Qd6 34. g3 Qe6 35. Kg2 Qf5
36. Rxd5 Qf3+ 37. Kg1 Ree6 38. Rf5 Rxg3+ 39. fxg3 Qxg3+
40. Kf1 Qxh3+ 41. Ke2 Qg4+ 42. Kd2 Qg2+ 43. Kc3 Qa2 44. Kb4
Qb1+ 45. Ka3 Qc1+ 46. Ka2 Rg6 47. Qxe4 Qd2+ 1-0